000 00944nam a22002417i 4500
999 _c23159
_d23159
003 AR-CdUCM
008 250102b20222022 pe||||| |||| 00| 0 spa d
040 _aMUNICIPALIDAD PROVINCIAL DEL CUSCO
_cBIBLIOTECA MUNICIPAL DEL CUSCO
041 _hspa
082 _a700 / U61
_bU61
110 _aUniversidad Nacional Diego Quispe Tito
_950913
245 _aRuway /
260 _aCusco :
_bUniversidad Nacional Diego Quispe - Fondo Editorial
_c2022
300 _a169 páginas. :
_c21x21 cm.
505 _aImpulsando los emprendimientos artísticos -- Ruway se consolida como plataforma de visibilizar los emprendimientos con arte -- Emprendimiento con arte -- Los talleres
650 _aEmprendimiento artístico
_950893
650 _aCultura del emprendimiento
_950894
650 _aCrear valor y bienestar
_950895
650 _aLos talleres
_950896
856 _fhttp://ruway.undqt.edu.pe
942 _2ddc
_cLIBROS
945 _apbj
_d2025-01-02